Hunger Games - Une lettre, un tribu - Statistiques

Statistiques générales
  • Ce quiz a été pris 44 fois
  • Le résultat moyen est 13 sur 21
Statistiques - réponses
1ère lettre Tribus % Correct
C Camilla / Carat / Cashmere / Cato / Cecelia / Chaff / Chicory / Circ / Clayton / Clove / Coil / Coral
92%
F Facet / Finnick / Fisser
92%
K Katniss / Kerna
92%
R Reaper / La renarde / Ringina / Ripman / Rue / Ryan
92%
H Haymitch / Heartwood / Hull / Hy / Hychel
89%
M Mags / Marcus / Maritte / Marvel / Maysilee / Midge / Miles / Mizzen
89%
P Palladium / Panache / Panlo / Peeler / Peeta / Porter / Potena
89%
B Barba / Beetee / Bircher / Blight / Blossom / Bobbin / Brandy / Brutus / Buck
87%
G Ginnee / Glimmer / Gloss
82%
J Janus / Jessup / Johanna
82%
W Wefton / Wellie / Wiress / Woof / Wovey / Wyatt
79%
A Alawna / Alpheus / Ampert / Angler / Anion / Annie / Atread / Augustus / Autumn
66%
L Lamina / Lannie / Lect / Louella / Loupe / Lucy Gray
66%
T Tanner / Teslee / Tile / Thresh / Treech
63%
E Enobaria
58%
D Dill / Dio / Les drogués
26%
S Sabyn / Seeder / Sheaf / Silka / Sol / Stamp
21%
U Urchin
8%
O Otto
5%
V Velo / Velvereen
5%
N Nona / Notion
3%
Aucun quiz correspondant
Distribution des résultats
% des personnes avec chaque résultat
Percentile par nombre de réponses
Votre historique - résultats
Vous n’avez pas pris ce quiz